[Event "36th Balaton GM 2018"]
[Site "Balatonlelle"]
[Date "2018.06.14"]
[Round "3"]
[White "Varga, Zoltan"]
[Black "Fernandez, Daniel Howard"]
[Result "1/2-1/2"]
[WhiteElo "2470"]
[BlackElo "2485"]
[Annotator "TA"]
[PlyCount "29"]
[EventDate "2018.06.12"]
[EventType "swiss"]
[EventCountry "HUN"]
[SourceTitle "playchess.com"]
[Source "ChessBase"]
[SourceQuality "1"]

{[%evp 23,29,45,89,59,60,55,54,58]} 1. Nf3 c5 2. c4 g6 3. d4 cxd4 4. Nxd4 Nc6 5. e4 Bg7 6. Be3 Nf6 7. Nc3 Ng4 8. Qxg4 Nxd4 9. Qd1 Ne6 10. Qd2 d6 11. Be2 O-O 12. O-O Bd7 13. b3 $146 {B39: Sicilian: Maroczy Bind with 5...Bg7 and 7...Ng4} ({Predecessor:} 13. Rad1 Bc6 14. b4 b6 15. Nd5 Nc7 16. f4 e6 17. Nxc7 Qxc7 18. f5 Be5 19. f6 Bxe4 20. Bh6 Rfc8 21. Bg7 Qd8 22. Qh6 Bf5 23. Qh4 a6 24. Rxf5 exf5 25. Rd3 h5 26. Bxh5 Rxc4 27. Bg4 Rxg4 28. Qh8# {1-0 (28) Sean,W (2406)-Li,B (2383) Balatonlelle 2017}) 13... Nc5 14. f3 a5 15. Rab1 1/2-1/2

[Event "36th Balaton GM 2018"]
[Site "Balatonlelle"]
[Date "2018.06.14"]
[Round "3"]
[White "Horvath, Dominik"]
[Black "Li, Bo"]
[Result "1-0"]
[WhiteElo "2433"]
[BlackElo "2333"]
[Annotator "TA"]
[PlyCount "85"]
[EventDate "2018.06.12"]
[EventType "swiss"]
[EventCountry "HUN"]
[SourceTitle "playchess.com"]
[Source "ChessBase"]
[SourceQuality "1"]

{[%evp 22,85,70,71,207,211,331,328,404,402,413,385,385,383,383,367,369,364,364,361,364,364,360,332,374,369,387,367,370,304,424,302,409,349,527,518,510,475,550,565,555,560,553,537,617,606,735,700,736,708,1906,1703,965,833,2168,1589,12848,5184,29981,29982,29982,29983,29994,29995,29998,29999]} 1. Nf3 Nf6 2. c4 g6 3. Nc3 Bg7 4. e4 c5 5. d4 cxd4 6. Nxd4 d6 7. Be2 Nc6 8. Be3 O-O 9. O-O Nxd4 10. Bxd4 Be6 11. Qd3 {B38: Sizilianisch (Maroczy-Aufbau)} (11. f4 Qa5 12. Rc1 Rfc8 13. b3 Re8 14. Bf3 Nd7 15. f5 gxf5 16. exf5 Bxf5 17. Bxb7 Rab8 18. Bc6 Bxd4+ 19. Qxd4 Qb6 20. c5 dxc5 21. Qa4 {1-0 (33) Potkin,V (2574)-Stupak,K (2565) Tallinn 2018}) 11... Qa5 12. f4 {[%cal Bf2f4,Bf4f5][%mdl 32] LiveBook: 5 Partien} Nd7 {[#]} (12... Bg4 $16 {war nötig.}) 13. f5 $146 {Weiß steht deutlich besser.} ({Vorgänger:} 13. Bxg7 Kxg7 14. Qd4+ f6 15. Rab1 Qb6 16. Nb5 Rfc8 17. b3 Rc5 18. Rfd1 a6 19. Nc3 Rc6 {0-1 (47) Sanchez Sandoval,G (1987)-Azua Avila,V (1870) Bogota 2011}) 13... Nc5 (13... Ne5 {war einen Versuch wert.} 14. Bxe5 Qxe5) 14. Qe3 Nxe4 {Und ...Lxd4 würde nun gewinnen.} 15. fxe6 (15. Nxe4 Bxf5 16. Bxg7 Kxg7 $18) (15. Qxe4 Bxf5 16. Qh4 Bxd4+ 17. Qxd4 Qc5 $18) 15... Nxc3 16. Bxc3 (16. bxc3 f6 $18) 16... Bxc3 17. exf7+ ({Schwächer ist} 17. Qxc3 Qxc3 18. exf7+ (18. bxc3 fxe6 19. Bg4 e5 $18) 18... Rxf7 $18) (17. bxc3 f5 $18) 17... Rxf7 18. Rxf7 ({Finger weg von} 18. Qxc3 Qxc3 19. bxc3 Rxf1+ 20. Rxf1 Rf8 $18) 18... Kxf7 19. Qxc3 Qxc3 20. bxc3 {[%mdl 4096] Endspiel KTL-KT} Rc8 21. Rb1 b6 22. Kf2 e6 23. Ke3 Ke7 24. Kd3 Rc5 25. Rb5 Rc7 26. Bf3 Kf6 27. a4 h6 (27... Rc5 $142 28. Be4 h6) 28. a5 bxa5 29. Rxa5 Rg7 30. c5 dxc5 31. Rxc5 Rd7+ 32. Ke3 h5 33. c4 Rh7 34. Rc8 Ke5 35. c5 g5 36. Rd8 g4 37. Be4 Rg7 38. c6 Rf7 39. g3 (39. Rd7 $142 Rf1 40. c7) 39... Rg7 40. Rd7 {Weiß setzt Matt.} Rg8 41. c7 a5 42. Rd8 Rxd8 43. cxd8=Q {Precision: Weiß = 83%, Schwarz = 16%.} 1-0

[Event "36th Balaton GM 2018"]
[Site "Balatonlelle"]
[Date "2018.06.14"]
[Round "3"]
[White "Czebe, Attila"]
[Black "Soham Das"]
[Result "1/2-1/2"]
[WhiteElo "2419"]
[BlackElo "2355"]
[Annotator "TA"]
[PlyCount "52"]
[EventDate "2018.06.12"]
[EventType "swiss"]
[EventCountry "HUN"]
[SourceTitle "playchess.com"]
[Source "ChessBase"]
[SourceQuality "1"]

{[%evp 18,52,-6,-8,0,0,0,0,0,0,0,0,0,0,0,0,0,0,0,0,0,0,0,0,0,0,0,0,0,0,0,0,0,0,0,0,0]} 1. c4 f5 2. g3 Nf6 3. Bg2 g6 4. b4 e5 5. Bb2 d6 6. e3 Bg7 7. Ne2 O-O 8. O-O c6 9. d3 Be6 10. Nbc3 {The position is equal.} d5 $146 {A21: English Opening: 1...e5 2 Nc3} ({Predecessor:} 10... Bf7 11. b5 d5 12. bxc6 Nxc6 13. Qa4 dxc4 14. dxc4 e4 15. Ba3 Re8 16. Rab1 Qa5 17. Rxb7 Qxa4 18. Nxa4 {0-1 (77) Poldauf,D (2415)-Malaniuk,V (2580) Hastings 1995}) 11. cxd5 Nxd5 12. Nxd5 Bxd5 13. Bxd5+ Qxd5 14. e4 fxe4 15. Nc3 Qxd3 16. Qb3+ Kh8 17. Rad1 Qf3 {...e3 is the strong threat.} 18. Bc1 Na6 19. Be3 Rad8 20. b5 Rxd1 21. Rxd1 {[#]} Bh6 $1 {[%mdl 512]} 22. Bxh6 Qxf2+ 23. Kh1 Qf3+ 24. Kg1 Qf2+ (24... Nc5 $2 25. Qc2 $18) 25. Kh1 Qf3+ 26. Kg1 Qf2+ {Precision: White = 100%, Black = 80%.} ({Don't blunder} 26... Nc5 $2 27. Qc2 $18) 1/2-1/2

[Event "36th Balaton GM 2018"]
[Site "Balatonlelle"]
[Date "2018.06.14"]
[Round "3"]
[White "Akshat, Khamparia"]
[Black "Koksal, Ege"]
[Result "0-1"]
[WhiteElo "2403"]
[BlackElo "2356"]
[Annotator "ChessBase"]
[PlyCount "110"]
[EventDate "2018.06.12"]
[EventType "swiss"]
[EventCountry "HUN"]
[SourceTitle "playchess.com"]
[Source "ChessBase"]
[SourceQuality "1"]
[TimeControl "40/5400+30:1800+30"]

1. d4 {[%emt 0:00:18]} Nf6 {[%emt 0:00:40]} 2. c4 {[%emt 0:00:06]} e6 {[%emt 0:00:04]} 3. Nc3 {[%emt 0:00:02]} Bb4 {[%emt 0:01:26]} 4. Nf3 {[%emt 0:00:33]} O-O {[%emt 0:00:34]} 5. g3 {[%emt 0:00:17]} b6 {[%emt 0:07:08]} 6. Bg2 {[%emt 0:02:05]} Bb7 {[%emt 0:02:08]} 7. O-O {[%emt 0:01:43]} Bxc3 {[%emt 0:00:04]} 8. bxc3 {[%emt 0:00:05]} d6 {[%emt 0:00:03]} 9. Re1 {[%emt 0:03:31]} Nbd7 {[%emt 0:00:08]} 10. Qc2 {[%emt 0:01:53]} Be4 {[%emt 0:00:51]} 11. Qb3 {[%emt 0:00:31]} Bb7 {[%emt 0:02:34]} 12. a4 {[%emt 0:08:17]} a5 {[%emt 0:00:41]} 13. Bh3 {[%emt 0:00:52]} h6 {[%emt 0:03:22]} 14. Nd2 {[%emt 0:02:24]} Ne4 {[%emt 0:04:17]} 15. Nxe4 {[%emt 0:02:34]} Bxe4 {[%emt 0:00:02]} 16. f3 {[%emt 0:00:05]} Bb7 {[%emt 0:00:03]} 17. e4 {[%emt 0:00:33]} Qe7 {[%emt 0:09:48]} 18. Ra2 {[%emt 0:05:00]} Rad8 {[%emt 0:00:33]} 19. Be3 {[%emt 0:08:40]} Kh8 {[%emt 0:07:04]} 20. Bf1 {[%emt 0:02:48]} f5 {[%emt 0:05:05]} 21. exf5 {[%emt 0:06:30]} Bxf3 {[%emt 0:05:24]} 22. fxe6 {[%emt 0:01:52]} Qxe6 {[%emt 0:00:08]} 23. Bf2 {[%emt 0:00:30]} Qf7 {[%emt 0:04:45]} 24. Qc2 {[%emt 0:04:38]} Bc6 {[%emt 0:02:20]} 25. d5 {[%emt 0:02:25]} Bb7 {[%emt 0:02:49]} 26. Bd4 {[%emt 0:03:13]} Ne5 {[%emt 0:00:01]} 27. Bxe5 {[%emt 0:24:06]} dxe5 {[%emt 0:00:00]} 28. Qe4 {[%emt 0:00:18]} Bc8 {[%emt 0:22:10]} 29. Bd3 {[%emt 0:02:29]} Bf5 {[%emt 0:07:25]} 30. Qxf5 {[%emt 0:01:16]} Qxf5 {[%emt 0:00:05]} 31. Bxf5 {[%emt 0:00:03]} Rxf5 {[%emt 0:00:05]} 32. Rf2 {[%emt 0:01:26]} Rdf8 {[%emt 0:00:32]} 33. Rxf5 {[%emt 0:00:46]} Rxf5 {[%emt 0:00:04]} 34. Kg2 {[%emt 0:02:27]} Kg8 {[%emt 0:00:36]} 35. Rb1 {[%emt 0:06:24]} e4 {[%emt 0:05:33]} 36. Re1 {[%emt 0:02:08]} Rf3 {[%emt 0:00:07]} 37. Rxe4 {[%emt 0:02:17]} Rxc3 {[%emt 0:00:05]} 38. Re8+ {[%emt 0:02:24]} Kf7 {[%emt 0:00:07]} 39. Rc8 {[%emt 0:00:06]} Rxc4 {[%emt 0:00:59]} 40. d6 {[%emt 0:00:00]} Ke6 {[%emt 0:00:57]} 41. dxc7 {[%emt 0:00:53]} Kd6 {[%emt 0:02:13]} 42. Rd8+ {[%emt 0:01:45]} Kxc7 {[%emt 0:00:25]} 43. Rg8 {[%emt 0:00:05]} g5 {[%emt 0:20:12]} 44. Rg7+ {[%emt 0:00:34]} Kb8 {[%emt 0:00:33]} 45. Rg6 {[%emt 0:00:17]} Kb7 {[%emt 0:00:12]} 46. Rxh6 {[%emt 0:00:38]} g4 {[%emt 0:01:51]} 47. h4 {[%emt 0:02:16]} gxh3+ {[%emt 0:00:39]} 48. Kxh3 {[%emt 0:00:44]} Rxa4 {[%emt 0:00:04]} 49. g4 {[%emt 0:00:06]} Ra1 {[%emt 0:01:16]} 50. g5 {[%emt 0:00:12]} Rg1 {[%emt 0:00:26]} 51. Kh4 {[%emt 0:01:33]} a4 {[%emt 0:00:32]} 52. Rf6 {[%emt 0:00:18]} a3 {[%emt 0:02:19]} 53. Rf2 {[%emt 0:00:21]} b5 {[%emt 0:00:16]} 54. Kh5 {[%emt 0:00:03]} Kb6 {[%emt 0:00:37]} 55. g6 {[%emt 0:00:20]} b4 {[%emt 0:00:28]} 0-1

[Event "36th Balaton GM 2018"]
[Site "Balatonlelle"]
[Date "2018.06.14"]
[Round "3"]
[White "Kavutskiy, Konstantin"]
[Black "Erturan, Yakup"]
[Result "1/2-1/2"]
[WhiteElo "2397"]
[BlackElo "2384"]
[Annotator "NA"]
[PlyCount "73"]
[EventDate "2018.06.12"]
[EventType "swiss"]
[EventCountry "HUN"]
[SourceTitle "playchess.com"]
[Source "ChessBase"]
[SourceQuality "1"]
[TimeControl "40/5400+30:1800+30"]

1. d4 {[%emt 0:11:03]} d5 {[%emt 0:00:55]} 2. c4 {[%emt 0:00:10]} c6 {[%emt 0:00:12]} 3. cxd5 {[%emt 0:00:19]} cxd5 {[%emt 0:00:08]} 4. Bg5 {[%emt 0:00:12]} Qb6 {[%emt 0:05:34]} 5. Nc3 {[%emt 0:01:52]} Nc6 {[%emt 0:00:45]} 6. Nf3 {[%emt 0:01:56]} Bg4 {[%emt 0:10:27]} 7. e3 {[%emt 0:09:35]} Bxf3 {[%emt 0:13:22]} 8. gxf3 {[%emt 0:00:16]} e6 {[%emt 0:17:09]} 9. a3 {[%emt 0:01:56]} Be7 {[%emt 0:03:29]} 10. Bf4 $11 {[%emt 0:02:42]} Nf6 {[%emt 0:01:59]} 11. Bd3 {[%emt 0:01:29]} O-O {[%emt 0:00:44]} 12. O-O {[%emt 0:03:56]} Nh5 {[%emt 0:06:41]} 13. Bg3 {[%emt 0:00:07]} a6 {[%emt 0:03:51]} 14. f4 {[%emt 0:07:32]} g6 {[%emt 0:01:35]} 15. f5 {[%emt 0:03:48]} Nxg3 {[%emt 0:02:00]} 16. hxg3 {[%emt 0:01:01]} gxf5 {[%emt 0:05:43]} 17. Qh5 {[%emt 0:04:57]} Kg7 {[%emt 0:03:23]} 18. g4 {[%emt 0:03:51]} Rg8 {[%emt 0:07:25]} 19. gxf5 {[%emt 0:04:10]} Nxd4 {[%emt 0:05:25]} 20. Kh1 {[%emt 0:06:20]} Nxf5 {[%emt 0:00:41]} 21. Rg1+ {[%emt 0:02:20]} Kh8 {[%emt 0:00:48]} 22. Qxf7 {[%emt 0:07:15]} Qd6 {[%emt 0:00:11]} 23. Rxg8+ {[%emt 0:01:48]} Rxg8 {[%emt 0:00:06]} 24. Rg1 {[%emt 0:00:06]} Rxg1+ {[%emt 0:00:06]} 25. Kxg1 {[%emt 0:00:05]} Ng7 {[%emt 0:00:37]} 26. e4 {[%emt 0:08:57]} dxe4 {[%emt 0:06:43]} 27. Bxe4 {[%emt 0:00:08]} b6 {[%emt 0:00:28]} 28. Bf3 {[%emt 0:00:41]} Qd8 {[%emt 0:00:22]} 29. Be2 {[%emt 0:02:20]} a5 {[%emt 0:00:16]} 30. Bc4 {[%emt 0:06:23]} Qf8 {[%emt 0:01:19]} 31. Bxe6 {[%emt 0:00:29]} Nxe6 {[%emt 0:00:05]} 32. Qxe6 {[%emt 0:00:05]} Qg8+ {[%emt 0:00:04]} 33. Qxg8+ {[%emt 0:00:08]} Kxg8 {[%emt 0:00:04]} 34. Nd5 {[%emt 0:00:37]} Bc5 {[%emt 0:00:12]} 35. b4 {[%emt 0:00:11]} axb4 {[%emt 0:00:40]} 36. axb4 {[%emt 0:00:07]} Bd4 {[%emt 0:00:20]} 37. Nxb6 {[%emt 0:00:35]} 1/2-1/2

[Event "36th Balaton GM 2018"]
[Site "Balatonlelle"]
[Date "2018.06.15"]
[Round "4"]
[White "Fernandez, Daniel Howard"]
[Black "Erturan, Yakup"]
[Result "1/2-1/2"]
[WhiteElo "2485"]
[BlackElo "2384"]
[Annotator "TA"]
[PlyCount "112"]
[EventDate "2018.06.12"]
[EventType "swiss"]
[EventCountry "HUN"]
[SourceTitle "playchess.com"]
[Source "ChessBase"]
[SourceQuality "1"]

{[%evp 13,112,-24,-15,-56,-47,-62,-14,-21,-10,-47,-37,-32,-31,-30,2,10,12,9,5,6,22,30,50,37,112,108,102,103,105,105,103,101,112,111,114,99,126,126,132,145,119,70,85,85,275,254,369,359,307,297,297,297,297,297,681,681,641,607,512,497,297,297,297,297,1050,1050,1035,1035,968,963,808,776,779,746,619,8,8,8,8,8,8,8,8,8,8,8,8,8,8,8,8,8,8,0,8,0,0,0,8,0,8]} 1. f4 Nf6 2. b3 g6 3. Bb2 Bg7 4. Nf3 c5 (4... O-O 5. g3 d6 6. Bg2 e5 7. fxe5 Ng4 8. Nc3 dxe5 9. e4 Nc6 10. O-O Nd4 11. h3 Nf6 12. g4 h5 13. Nxe5 hxg4 14. hxg4 {0-1 (51) Paravyan,D (2551)-Dubov,D (2666) St Petersburg 2017}) 5. g3 d5 6. Bg2 {A02: Bird's Opening} O-O 7. e3 Nc6 {LiveBook: 11 Games} 8. Ne5 Nxe5 9. Bxe5 Bf5 10. O-O Qd7 11. Nc3 $146 ({Predecessor:} 11. Re1 d4 12. exd4 Ng4 13. Bxg7 Kxg7 14. d5 {½-½ (50) Blatny,P (2402)-Jirka,J (2424) Czechia 2010}) 11... d4 12. Na4 Rac8 13. Nb2 dxe3 14. dxe3 Rfd8 15. Qxd7 Rxd7 16. Rad1 Rcd8 17. Bxb7 Rd2 18. Bf3 Ng4 {[#]} (18... Ne4 $14) 19. Nc4 $1 $16 Rxd1 20. Rxd1 Rxd1+ 21. Bxd1 Nxe5 22. Nxe5 Bxe5 23. fxe5 {[%mdl 4096] Endgame KB-KB} Kf8 24. g4 Be4 25. g5 f6 26. exf6 exf6 27. h4 fxg5 28. hxg5 Kg7 $2 (28... Ke7 $16) 29. Kf2 $18 h6 (29... a5 $142 30. Kg3 h6) 30. gxh6+ Kxh6 31. c3 Kg5 32. b4 cxb4 33. cxb4 Kf6 $2 (33... Kh4 34. Bf3 Bf5) 34. a4 Ke5 35. Bf3 Bd3 36. a5 Kd6 37. Kg3 Ke5 38. Kg4 Bf5+ $2 (38... Kf6 39. Bc6 Be2+ 40. Kg3 Ke5) 39. Kg5 Bd3 40. Bc6 Kd6 41. Be8 Kd5 42. Bf7+ Ke5 43. Bxg6 Bb5 44. Bf7 $2 (44. Bh5 $18 {Bf3 is the strong threat.} Ke4 45. Kf6) 44... Ke4 $11 {The position is equal.} 45. Kf6 Kxe3 46. Ke5 Kd3 $1 47. Kd6 Kd4 48. Be6 Ba4 49. Bd5 Bb5 $1 50. Bf7 $1 Ba4 $1 51. Be6 Bb5 52. Bb3 Be8 $1 53. Bd5 {[#] And now Bc6 would win.} Bb5 54. Bc6 Kc4 $1 55. Bxb5+ Kxb4 56. Bc4 Kxa5 {Precision: White = 75%, Black = 48%.} 1/2-1/2

[Event "36th Balaton GM 2018"]
[Site "Balatonlelle"]
[Date "2018.06.15"]
[Round "4"]
[White "Varga, Zoltan"]
[Black "Horvath, Dominik"]
[Result "1/2-1/2"]
[WhiteElo "2470"]
[BlackElo "2433"]
[Annotator "TA"]
[PlyCount "38"]
[EventDate "2018.06.12"]
[EventType "swiss"]
[EventCountry "HUN"]
[SourceTitle "playchess.com"]
[Source "ChessBase"]
[SourceQuality "1"]

{[%evp 19,38,5,2,-21,-18,-12,0,0,10,10,28,6,12,11,17,3,0,0,0,0,0]} 1. e4 e5 2. Nf3 Nc6 3. Bb5 a6 4. Ba4 Nf6 5. d3 d6 6. c4 Be7 {C77: Ruy Lopez: 3...a6 4 Ba4 Nf6, unusual lines} 7. h3 O-O 8. Be3 Nd7 9. Nc3 Bf6 10. Bxc6 bxc6 {LiveBook: 3 Games} 11. d4 exd4 12. Bxd4 Rb8 $146 ({Predecessor:} 12... Nb6 13. Qd3 Bxd4 14. Nxd4 {0-1 (62) Piorun,K (2609)-Dubov,D (2661) Berlin 2015}) 13. b3 Re8 14. O-O Bb7 15. Re1 c5 {The position is equal.} 16. Bxf6 Qxf6 17. Qd3 Nf8 18. Nd5 Bxd5 19. exd5 Ng6 1/2-1/2

[Event "36th Balaton GM 2018"]
[Site "Balatonlelle"]
[Date "2018.06.15"]
[Round "4"]
[White "Koksal, Ege"]
[Black "Kavutskiy, Konstantin"]
[Result "1/2-1/2"]
[WhiteElo "2356"]
[BlackElo "2397"]
[Annotator "TA"]
[PlyCount "126"]
[EventDate "2018.06.12"]
[EventType "swiss"]
[EventCountry "HUN"]
[SourceTitle "playchess.com"]
[Source "ChessBase"]
[SourceQuality "1"]

{[%evp 23,126,46,49,27,28,0,32,22,39,22,17,-1,-12,-8,-15,-44,-41,-50,-37,-43,30,13,27,27,36,16,59,47,143,152,139,90,327,321,301,319,500,433,423,398,775,635,581,565,2024,722,783,775,1055,0,293,0,697,355,332,347,344,334,302,0,394,380,355,372,424,345,399,-616,-621,-635,-613,-747,-750,-747,-732,-739,-696,-586,-575,-739,-731,-739,-8,-8,-8,-8,-8,-8,-8,-8,0,0,0,0,0,0,0,0,2057,0,0,0,1889,0,0]} 1. d4 Nf6 2. c4 g6 3. Nc3 Bg7 4. e4 d6 5. Nf3 O-O 6. Be2 Na6 7. O-O e5 8. Be3 c6 9. Qd2 Ng4 10. Bg5 f6 11. Bh4 Nh6 12. Rad1 Nf7 13. a3 {E94: King's Indian: Classical: 6 Be2 e5 7 0-0: Various Black 7th moves} Nc7 {[#]} 14. b4 $146 ({Predecessor:} 14. Bg3 Qe7 15. Rfe1 Bg4 16. Nh4 Bc8 17. d5 c5 18. Bd3 Bh6 19. Qc2 Ne8 20. Rb1 Ng7 {0-1 (40) Magerramov,E (2580)-Timoscenko,G (2515) Oberwart 1994}) 14... Qe8 15. d5 {White is slightly better.} Bh6 16. Qd3 (16. Qc2 {feels hotter.} cxd5 17. exd5 f5 18. Nd2 Bd7 19. f3) 16... cxd5 17. Nxd5 (17. cxd5 {looks sharper.} f5 18. Qc4 Qd7 19. exf5 gxf5 20. b5) 17... Nxd5 18. Qxd5 Qe7 19. Nd2 Be6 20. Qd3 Rac8 21. Rc1 Bg5 (21... Rc7 $15) 22. Bxg5 $11 Nxg5 23. Rfd1 f5 24. Qe3 b6 25. exf5 Rxf5 ({Black should play} 25... Bxf5 $14 26. c5 dxc5) 26. h4 $16 Nf7 27. Ne4 b5 $2 (27... Qxh4 $16 {might work better.} 28. Nxd6 Nxd6 29. Rxd6 Kf7) 28. cxb5 $18 Rxc1 29. Rxc1 Qxh4 (29... d5 $142 30. Qc5 Qd7) 30. Ng3 Rf6 31. Qxa7 Bd5 $2 (31... Ng5 32. Rc6 Qf4 33. Rxd6 Rf7) 32. Qe7 {White threatens Rc8+ and mate.} Kg7 {intending ...Qd4.} 33. Rc8 {[%csl Gc8][%cal Re7f8]} Kh6 {[#]} 34. Rc3 (34. Nf5+ $142 $1 {[%mdl 512]} Rxf5 35. Qxh4+ Kg7 36. Qe7) 34... Ng5 35. Rc7 {[%csl Gc7][%cal Re7g7]} (35. Qxf6 Nh3+ 36. gxh3 Qxf6 $15) 35... Nf7 {[#]} 36. Rc3 $2 (36. Bf3 $1 {[%mdl 512]} Bxf3 37. gxf3) 36... Ng5 $1 37. Rc7 $2 $40 {[%mdl 128] White attacks.} (37. Qxf6 Nh3+ 38. gxh3 Qxf6 $15) (37. Qa7 $1 $18) 37... Rf7 $2 {[%mdl 8192]} (37... Nf7 $11 38. Bf3 e4 39. Bxe4 Qf4 40. Bxd5 Qxf2+ 41. Kh2 Qf4) 38. Qxd6 Rxf2 {( -> ...Nh3+!)} 39. Qxe5 {[%csl Gc7][%cal Re5g7]} Rxg2+ 40. Kf1 {[%csl Gc7][%cal Re5g7]} Ne6 41. Qe3+ $2 (41. Qxd5 Rxg3 42. Rf7 Qh3+ 43. Ke1 Rxa3 $17) (41. Rc3 $1 $18 Ba8 42. Re3 (42. Qxe6 Rxg3 43. Rxg3 Qxg3 $16)) 41... Qf4+ $2 {[%mdl 8192]} (41... Nf4 $11 {and Black stays safe.} 42. Rc3 Qf6) 42. Qxf4+ Nxf4 43. Rc3 Kg5 44. b6 {Black must now prevent Rc5.} Kh4 45. Bf3 $4 {[%mdl 8192]} (45. Bc4 $18 Bb7 46. Ne2) 45... Rxg3 $19 46. Bxd5 Rxc3 47. b7 Kg3 $1 {[%cal Rc3c1]} ({But not} 47... Rc1+ $2 48. Kf2 $18) 48. Ke1 Re3+ 49. Kd2 Re8 50. Be4 {[#] White hopes to continue with a4.} Ne6 $1 51. a4 Kf4 52. a5 {[#]} Nc7 $2 (52... Kxe4 53. a6 $14) ({Better is} 52... Rd8+ $1 $19 53. Bd3 Nc7) 53. Bc6 $11 Rb8 {Hoping for ...Ke5.} 54. Kc3 Ke5 {Strongly threatening ...Kd6.} 55. Kc4 $1 {And now Bg2 would win.} Kd6 56. b5 Rf8 {aiming for ...Nxb5!} 57. Be4 $1 Re8 58. Bc6 Rf8 {...Na6! is the strong threat.} 59. Be4 $1 Re8 60. Bc6 Rb8 $2 {[%mdl 8192]} (60... Rf8 $11 61. Be4) 61. Be4 $2 (61. Bg2 $18 Ne6 62. a6 Rxb7 63. Bxb7) 61... Re8 62. Bc6 Rh8 $2 {[%mdl 8192]} (62... Rf8 $11 63. Be4) 63. Be4 $2 (63. Bh1 $18 Ne6 64. a6) 63... Re8 {Precision: White = 42%, Black = 29%.} 1/2-1/2

[Event "36th Balaton GM 2018"]
[Site "Balatonlelle"]
[Date "2018.06.15"]
[Round "4"]
[White "Soham Das"]
[Black "Akshat, Khamparia"]
[Result "1/2-1/2"]
[WhiteElo "2355"]
[BlackElo "2403"]
[Annotator "NA"]
[PlyCount "42"]
[EventDate "2018.06.12"]
[EventType "swiss"]
[EventCountry "HUN"]
[SourceTitle "playchess.com"]
[Source "ChessBase"]
[SourceQuality "1"]
[TimeControl "40/5400+30:1800+30"]

1. e4 {[%emt 0:01:29]} c5 {[%emt 0:00:37]} 2. Nf3 {[%emt 0:00:27]} d6 {[%emt 0:00:07]} 3. d4 {[%emt 0:00:18]} cxd4 {[%emt 0:00:05]} 4. Nxd4 {[%emt 0:00:03]} Nf6 {[%emt 0:00:06]} 5. Nc3 {[%emt 0:00:04]} e6 {[%emt 0:00:26]} 6. g4 {[%emt 0:02:15]} e5 {[%emt 0:00:06]} 7. Bb5+ {[%emt 0:03:59]} Bd7 {[%emt 0:02:49]} 8. Bxd7+ {[%emt 0:00:24]} Qxd7 {[%emt 0:00:09]} 9. Nf5 {[%emt 0:01:10]} h5 {[%emt 0:01:34]} 10. gxh5 {[%emt 0:08:30]} Nxh5 {[%emt 0:10:02]} 11. Bh6 {[%emt 0:15:10]} Nc6 {[%emt 0:11:02]} 12. Qxh5 {[%emt 0:16:09]} Ne7 {[%emt 0:02:56]} 13. Nxe7 {[%emt 0:22:07]} Rxh6 {[%emt 0:08:52]} 14. Qg5 {[%emt 0:13:35]} Qxe7 {[%emt 0:12:23]} 15. Qe3 {[%emt 0:00:08]} Qd7 {[%emt 0:10:18]} 16. O-O-O {[%emt 0:01:10]} Be7 {[%emt 0:03:06]} 17. Kb1 {[%emt 0:01:16]} Rh3 {[%emt 0:04:40]} 18. f3 {[%emt 0:01:22]} Kf8 {[%emt 0:00:46]} 19. Nd5 {[%emt 0:01:27]} b6 {[%emt 0:00:36]} 20. Rd3 g6 21. Rc3 {[%emt 0:04:12]} Rc8 1/2-1/2

[Event "36th Balaton GM 2018"]
[Site "Balatonlelle"]
[Date "2018.06.15"]
[Round "4"]
[White "Li, Bo"]
[Black "Czebe, Attila"]
[Result "1/2-1/2"]
[WhiteElo "2333"]
[BlackElo "2419"]
[Annotator "TA"]
[PlyCount "68"]
[EventDate "2018.06.12"]
[EventType "swiss"]
[EventCountry "HUN"]
[SourceTitle "playchess.com"]
[Source "ChessBase"]
[SourceQuality "1"]

{[%evp 12,68,17,8,5,0,0,0,0,0,0,-26,37,-37,-32,-21,-33,-33,-24,-17,10,20,43,0,70,40,37,37,38,16,20,0,-18,-20,-20,-21,-13,-56,-45,-60,-56,-75,-70,-112,-112,-158,0,0,0,0,0,0,0,0,0,0,0,0,0]} 1. d4 Nf6 2. c4 e6 3. g3 Bb4+ 4. Bd2 Bxd2+ 5. Nxd2 d6 6. Ngf3 c5 {E11: Damenindisch (Bogoljubow-Variante)} (6... Qe7 7. Bg2 O-O 8. Nf1 d5 9. Ne3 c6 10. O-O b6 11. Rc1 Bb7 12. Ne5 Rd8 13. Qa4 Nfd7 14. Nd3 {1-0 (62) Fressinet,L (2700)-Dominguez Perez,L (2732) Huaian 2016}) 7. Bg2 {LiveBook: 4 Partien} Nc6 8. Nb3 Qe7 9. O-O e5 {[%cal Be6e5,Be5e4,Be4e3][%mdl 32]} 10. d5 Nb8 11. Qc2 O-O ({Lieber} 11... e4 $1 $11 12. Ng5 e3) 12. Nbd2 (12. e4 $14) 12... e4 $146 ({Vorgänger:} 12... Bg4 13. e4 Bxf3 14. Nxf3 Nbd7 15. Nh4 Rfb8 16. Nf5 Qf8 17. a4 g6 18. Ne3 a6 19. Bf3 Qh6 20. Kg2 Nh5 21. Qe2 Ndf6 22. h4 {1-0 (63) Rogers,I (2580)-Flatow,A (2235) Sydney 1996}) 13. Ng5 {[%cal Rg5e4]} e3 14. Nde4 {[#] Weiss droht Sxf6+ und Matt.} Nxe4 15. Nxe4 Nd7 16. f4 Re8 17. Qc3 h6 (17... f5 $11 18. Ng5 Nf6) 18. g4 Nf6 19. Nxf6+ Qxf6 20. Qxf6 gxf6 21. Bf3 f5 22. g5 hxg5 23. fxg5 Kg7 24. Bg2 f6 25. gxf6+ Kxf6 26. Rf3 Bd7 27. Rh3 f4 28. Rh4 {[#]} Ke5 $2 (28... Kg5 $1 $17 {[%cal Rg5h4]} 29. Rh7 Bf5 30. Rxb7 Reb8 31. Rxb8 Rxb8) 29. Rf1 $1 $11 {Die Stellung ist ausgeglichen.} Rf8 30. Rh7 $36 {[%mdl 2048] Schwarz steht unter Druck.} Bf5 31. Re7+ Kf6 32. Rxb7 Ke5 33. Re7+ Kf6 34. Rb7 Ke5 {Precision: Weiß = 27%, Schwarz = 64%.} 1/2-1/2